| 000 | 00565nam a22001697a 4500 | ||
|---|---|---|---|
| 999 |
_c9126 _d9126 |
||
| 003 | GBCCL | ||
| 005 | 20241126110705.0 | ||
| 008 | 220414b ||||| |||| 00| 0 eng d | ||
| 040 | _cgbc | ||
| 082 |
_a225.7 _bWHE |
||
| 100 |
_aWhedon, D.D. _915922 |
||
| 245 |
_aCommentary on the Gospels : _bintended for popular use/ _cD.D. Whedon. |
||
| 260 |
_aNew York : _bNelson & Phillips, _c1866 |
||
| 300 | _a422p. ; | ||
| 505 | _av. 1. Matthew, Mark -- v. 2. Luke, John -- v. 3. Acts--Romans -- v. 4. I Corinthians--II Timothy -- v. 5. Titus-Revelation. | ||
| 942 |
_2ddc _cBK |
||